Riadenie ľudských zdrojov v podniku Deutsche Telekom IT solutions s.r.o diplomová práca

Salvato in:
Dettagli Bibliografici
Autore principale: Turóciová, Anna
Ente Autore: Podnikovohospodárska fakulta EU so sídlom v Košiciach. Katedra obchodného podnikania
Altri autori: Weiss, Erik, 1979-
Natura: Libro
Lingua:slovacco
Pubblicazione: Košice 2021
Tags: Aggiungi Tag
Nessun Tag, puoi essere il primo ad aggiungerne!!

MARC

LEADER 00000nbm a2200000 4500
001 0278133
005 20220330140623.1
041 0 |a slo 
044 |a SK 
245 1 0 |a Riadenie ľudských zdrojov v podniku Deutsche Telekom IT solutions s.r.o  |b diplomová práca  |c Anna Turóciová ; školiteľ: Erik Weiss 
264 1 |a Košice  |c 2021 
300 |a 60 s. 
100 1 |a Turóciová, Anna 
700 1 |a Weiss, Erik, 1979- 
710 2 |a Podnikovohospodárska fakulta EU so sídlom v Košiciach. Katedra obchodného podnikania